Vientos soplan contra la llama de Esquipulas /
Trata sobre el cumplimiento de los acuerdos del tratado de Esquipulas II. Se subraya que, a pesar de que durante los primeros noventa días del procesio de paz se avanzó significativamente, los principales obstáculos aún se mantienen en la región y que éstos se expresan en la voluntad del gobierno de...
Salvato in:
| Autore principale: | |
|---|---|
| Natura: | testo |
| Soggetti: | |
| Tags: |
Aggiungi Tag
Nessun Tag, puoi essere il primo ad aggiungerne!!
|
MARC
| LEADER | 00000 a a2200000 04500 | ||
|---|---|---|---|
| 001 | 1711 | ||
| 003 | |||
| 040 | |||
| 100 | |a Morales Gamboa, Abelardo | ||
| 245 | |a Vientos soplan contra la llama de Esquipulas / |c Abelardo Morales Gamboa | ||
| 520 | |a Trata sobre el cumplimiento de los acuerdos del tratado de Esquipulas II. Se subraya que, a pesar de que durante los primeros noventa días del procesio de paz se avanzó significativamente, los principales obstáculos aún se mantienen en la región y que éstos se expresan en la voluntad del gobierno de Estados Unidos al insistir en la presión (agresión) militar contra el gobierno de Nicaragua: ello impide la negociación que busca resolver el conflicto. A lo anterior se añaden las percepciones encontradas y conflictivas de los gobiernos del istmo. Sin embargo, mientras se mantenga el diálogo y la negociación en Costa Rica, los gobiernos pueden intentar la autodeterminación y persiste la esperanza de los pueblos en cuanto a alejar la guerra y lograr la paz y la democracia. SM/eb | ||
| 650 | |a PLANES DE PAZ | ||
| 650 | |a INTERVENCION EXTRANJERA | ||
| 650 | |a AUTODETERMINACION | ||
| 650 | |a GOBIERNO | ||
| 650 | |a DIPLOMACIA | ||
| 773 | |g número 41; páginas 32-34 | ||
| 999 | |c 28209 |d 28209 | ||
